00431pab a2200121 454500008004000000100001400040245014500054260000900199300001300208362001200221650002000233773005600253180718b2011 xxu||||| |||| 00| 0 eng d aDas, J.K. aContemporary relevance of three scientific techniques during investigation of criminal cases with special reference to human right to health c2011 ap.66-89. aJul-Dec aHealth services aJournal of Constitutional and Parliamentary Studies